[Event "URU-chT Clubs"]
[Site "Punta del Este"]
[Date "2014.08.23"]
[Round "1.33"]
[White "Larrea, Osvaldo"]
[Black "Michailov, Matias"]
[Result "0-1"]
[WhiteElo "1756"]
[BlackElo "2077"]
[PlyCount "60"]
[EventDate "2014.08.23"]
[EventType "team-swiss"]
[EventRounds "5"]
[EventCountry "URU"]
[SourceTitle "EXT 2017"]
[Source "ChessBase"]
[SourceDate "2016.10.25"]
[SourceVersion "1"]
[SourceVersionDate "2016.10.25"]
[SourceQuality "1"]

1. f4 d5 2. Nf3 Nf6 3. e3 g6 4. b3 Bg7 5. Bb2 0-0 6. Be2 c5 7. 0-0 Nc6 8. Nc3 d4 9. Na4 Nd5 10. Nxc5 dxe3 11. Bxg7 Kxg7 12. Nd3 Bf5 13. Nfe5 exd2 14. Qxd2 Qb6+ 15. Kh1 Qe3 16. Nc4 Qxd2 17. Nxd2 Ne3 18. Rfc1 Nd4 19. Bd1 Nxd1 20. Rxd1 Nxc2 21. Nf2 Nxa1 22. Rxa1 Rfd8 23. Nf3 Rac8 24. g4 Bd7 25. Kg2 Bc6 26. Re1 Bxf3+ 27. Kxf3 Rd2 28. Re3 Rcc2 29. Ne4 Rxh2 30. Ng5 h6 0-1

[Event "URU pre olympic"]
[Site "Punta del Este"]
[Date "2014.06.21"]
[Round "2"]
[White "Perez, Cecilia Manuela"]
[Black "Larrea, Osvaldo"]
[Result "0-1"]
[WhiteElo "1507"]
[BlackElo "1763"]
[PlyCount "124"]
[EventDate "2014.06.20"]
[EventType "swiss"]
[EventRounds "5"]
[EventCountry "URU"]
[SourceTitle "EXT 2018"]
[Source "ChessBase"]
[SourceDate "2017.10.13"]
[SourceVersion "1"]
[SourceVersionDate "2017.10.13"]
[SourceQuality "1"]

1. Nf3 f5 2. g3 Nf6 3. Bg2 e6 4. d4 Nc6 5. c4 Bb4+ 6. Bd2 Bxd2+ 7. Nbxd2 0-0 8. 0-0 Qe8 9. b3 Ne7 10. Qc2 Qh5 11. e4 fxe4 12. Nxe4 Qg6 13. Nxf6+ Qxf6 14. Rae1 Nf5 15. Qd2 d6 16. Re2 c6 17. d5 cxd5 18. cxd5 e5 19. Rc1 b6 20. Ng5 Nd4 21. Ree1 Bf5 22. f4 Rac8 23. fxe5 dxe5 24. Nf3 Rxc1 25. Rxc1 Nxf3+ 26. Bxf3 Bh3 27. Bg2 Bxg2 28. Qxg2 Qg5 29. Re1 Qe7 30. Qe4 Qc5+ 31. Qe3 Qxd5 32. Qxe5 Qf3 33. Qe2 Qf6 34. Qe6+ Qxe6 35. Rxe6 Kf7 36. Rc6 Re8 37. Kf1 Re7 38. Kf2 Ke8 39. Rc4 Kd7 40. Kf3 Kd6 41. a3 b5 42. Rh4 h6 43. Re4 Rc7 44. Re3 Rc2 45. Rd3+ Ke6 46. h4 h5 47. Kf4 Rc5 48. Re3+ Kf6 49. g4 hxg4 50. Kxg4 g6 51. Rf3+ Kg7 52. Re3 a5 53. Re7+ Kh6 54. Ra7 a4 55. bxa4 Rc4+ 56. Kg3 bxa4 57. Ra8 Rc3+ 58. Kg4 Rc4+ 59. Kg3 Rc3+ 60. Kg4 Rxa3 61. Rh8+ Kg7 62. Ra8 Ra1 0-1

[Event "URU pre olympic"]
[Site "Punta del Este"]
[Date "2014.06.20"]
[Round "1"]
[White "Larrea, Osvaldo"]
[Black "Lopez Azambuja, Nicolas"]
[Result "0-1"]
[WhiteElo "1763"]
[BlackElo "2242"]
[PlyCount "102"]
[EventDate "2014.06.20"]
[EventType "swiss"]
[EventRounds "5"]
[EventCountry "URU"]
[SourceTitle "EXT 2018"]
[Source "ChessBase"]
[SourceDate "2017.10.13"]
[SourceVersion "1"]
[SourceVersionDate "2017.10.13"]
[SourceQuality "1"]

1. f4 d5 2. Nf3 g6 3. e3 Bg7 4. Nc3 Nh6 5. Bd3 c5 6. Bb5+ Bd7 7. Bxd7+ Qxd7 8. 0-0 Nc6 9. a3 0-0 10. Qe1 Rac8 11. Ne2 d4 12. Ng3 d3 13. c3 e5 14. fxe5 Nxe5 15. b3 b5 16. Rb1 Qd5 17. Qd1 Nhg4 18. Nxe5 Nxe5 19. Rf4 f5 20. a4 Bh6 21. Rf1 bxa4 22. bxa4 Rb8 23. Ba3 Nc4 24. Rxb8 Rxb8 25. Bc1 Qc6 26. Qf3 Qxf3 27. gxf3 Rb1 28. Nh1 Nb2 29. Nf2 c4 30. Bxb2 Rxb2 31. Rd1 Kf7 32. Kf1 Ke6 33. Ke1 Bg5 34. Nh3 Bh4+ 35. Kf1 g5 36. Nf2 Ra2 37. e4 Bxf2 38. Kxf2 Rxa4 39. Ke3 Ke5 40. exf5 Kxf5 41. Rb1 Ra5 42. Kd4 Kf4 43. h4 gxh4 44. Kxc4 Kxf3 45. Rh1 Rh5 46. Kxd3 Kg2 47. Rd1 h3 48. Kc4 h2 49. d4 h1Q 50. Rxh1 Rxh1 51. d5 Rd1 0-1